000 00225 a2200097 4500
001 34674
100 _aJamil-ud-din Ahmad
245 _aGlimpses of Quaid-e-Azam
260 _aKarachi
_bRoyal Book co
_c
090 _c22958
_d22958
942 _aNUST-CAE
_cM
_c14400
999 _c269747
_d269747